000 00411pab a2200169 454500
008 180718b2005 xxu||||| |||| 00| 0 eng d
100 _aSrivastava, Deepak K.
245 _aE-learning: a new way of education
260 _c2005
300 _ap.12-15.
362 _a27 Jun
650 _aEducation
650 _aElectronic learning
700 _aBajpai, Navan
773 _aUniversity News
909 _a65898
999 _c65898
_d65898